Gandhi Jiwan Rahashya (Record no. 40391)
[ view plain ]
| 000 -LEADER | |
|---|---|
| fixed length control field | 00273nam a22001097a 4500 |
| 008 - FIXED-LENGTH DATA ELEMENTS--GENERAL INFORMATION | |
| fixed length control field | 240715b |||||||| |||| 00| 0 eng d |
| 100 ## - MAIN ENTRY--PERSONAL NAME | |
| Personal name | Sharma, Dwarka Prasad |
| 245 ## - TITLE STATEMENT | |
| Title | Gandhi Jiwan Rahashya |
| 260 ## - PUBLICATION, DISTRIBUTION, ETC. | |
| Name of publisher | Sharma Dwarka; |
| Year of publication | - |
| Place of publication | Sind: |
| 300 ## - PHYSICAL DESCRIPTION | |
| Number of Pages | 128p. |
| 942 ## - ADDED ENTRY ELEMENTS (KOHA) | |
| Koha item type | Books |
| Accession Number | Lost status | Damaged status | Price effective from | Koha item type | Not for loan | Withdrawn status | Home library | Current library | Shelving location | Date acquired | Source of acquisition | Cost, normal purchase price |
|---|---|---|---|---|---|---|---|---|---|---|---|---|
| 11294 | 01/13/2023 | Books | Withdrawn | RCL | RCL | General Stacks | 01/13/2023 | DDC | 2.25 |


